| 000 | 00460nam a2200181 4500 | ||
|---|---|---|---|
| 003 | LK-CoMWRAF | ||
| 005 | 20230905143835.0 | ||
| 008 | 230905b1974 |||||||| |||| 00| 0 eng d | ||
| 020 | _a0140192379 | ||
| 040 |
_aLK-CoMWRAF _dLK-CoMWRAF _eLK-CoMWRAF |
||
| 041 | _aeng | ||
| 082 |
_a291.62 _bCAS |
||
| 100 | _aCastaneda, Carlos | ||
| 245 | _aTales of power | ||
| 260 |
_aU. S. A. : _bCarlos Castaneda, _c1974 |
||
| 650 | _aReligion and mythology | ||
| 942 | _cBK | ||
| 999 |
_c3409 _d3409 |
||